मातलोक/ (Record no. 199255)
[ view plain ]
| 000 -LEADER | |
|---|---|
| fixed length control field | 00827nam a22002057a 4500 |
| 005 - DATE AND TIME OF LATEST TRANSACTION | |
| control field | 20231128122213.0 |
| 010 ## - LCCN (DPL NO) | |
| LC control number | HIN-126404 |
| 020 ## - INTERNATIONAL STANDARD BOOK NUMBER | |
| International Standard Book Number | 9789390310746 |
| Terms of availability | 300.00 |
| 035 ## - SYSTEM CONTROL NUMBER | |
| System control number | HN-98750 |
| 037 ## - SOURCE OF ACQUISITION | |
| Source of stock number/acquisition | DBAD/PUB. |
| 082 ## - DEWEY DECIMAL CLASSIFICATION NUMBER | |
| Classification number | उ |
| 100 ## - MAIN ENTRY--PERSONAL NAME | |
| Personal name | जसविंदर सिंह |
| 245 ## - TITLE STATEMENT | |
| Title | मातलोक/ |
| Statement of responsibility, etc | जसविंदर सिंह |
| 250 ## - EDITION STATEMENT | |
| Edition statement | 1 |
| 260 ## - PUBLICATION, DISTRIBUTION, ETC. (IMPRINT) | |
| Name of publisher, distributor, etc | साहित्य अकादेमी |
| Date of publication, distribution, etc | 2020 |
| Place of publication, distribution, etc | नई दिल्ली |
| 270 ## - ADDRESS | |
| Address | रविन्द्र भवन 35 फिरोजशाह मार्ग |
| City | नई दिल्ली |
| Postal code | 110092 |
| 300 ## - PHYSICAL DESCRIPTION | |
| Extent | 380 पृष्ट; |
| Dimensions | 22 सेमी (अजिल्द) |
| 710 ## - ADDED ENTRY--CORPORATE NAME | |
| Corporate name or jurisdiction name as entry element | राजेंद्र तिवारी |
| Relator term | अनुवादक |
| 9 (RLIN) | 59108 |
| 942 ## - ADDED ENTRY ELEMENTS (KOHA) | |
| Institution code [OBSOLETE] | DPL |
| Item type | Hindi Books |
| Source of classification or shelving scheme | Dewey Decimal Classification |
| Classification part | उ |
| Call number suffix | जसविं |
| Withdrawn status | Lost status | Not for loan | Collection code | Home library | Current library | Date acquired | Source of acquisition | Cost, normal purchase price | Full call number | Barcode | Copy number | Cost, replacement price | Koha item type |
|---|---|---|---|---|---|---|---|---|---|---|---|---|---|
| Fiction | Vinoba Puri | Vinoba Puri | 28/11/2023 | DBAD/PUB | 300.00 | उ जसविं | HN-98750 | 1 | 300.00 | Hindi Books |
